|
|
|
|
| LEADER |
00000cas a2200000 a 4500 |
| 001 |
vtls001105685 |
| 003 |
SK-MaSNL |
| 005 |
20260228160636.0 |
| 008 |
180814c19749999xo ar 5 0 0b0slo |
| 035 |
|
|
|a SNK000048527
|
| 040 |
|
|
|a SNK
|b slo
|c SNK
|e AACR2
|
| 041 |
0 |
|
|a slo
|
| 043 |
|
|
|a e-xo---
|
| 044 |
|
|
|a xo
|c SK
|
| 072 |
|
7 |
|a 929
|x Biografie
|2 konspekt
|
| 072 |
|
7 |
|a 394
|x Verejný a spoločenský život. Každodenný život
|2 konspekt
|
| 072 |
|
7 |
|a 050
|x Seriálové publikácie. Periodiká
|2 konspekt
|
| 080 |
|
|
|a 929
|2 2011
|
| 080 |
|
|
|a 394.46
|2 2011
|
| 080 |
|
|
|a 050
|2 2011
|
| 080 |
|
|
|a (437.6)
|2 2011
|
| 080 |
|
|
|a (059)
|2 2011
|
| 245 |
0 |
0 |
|a Kalendár výročí osobností a udalostí Liptova ...
|
| 260 |
|
|
|a Liptovský Mikuláš
|b Okresná knižnica G. F. Belopotockého
|c [1974]-
|
| 300 |
|
|
|a zv.
|c 22 cm
|
| 310 |
|
|
|a 1x ročne
|
| 362 |
0 |
|
|a [1974]-
|
| 500 |
|
|
|a Zostavila: Libuša Brezinová
|
| 500 |
|
|
|a Súčasťou názvu je označenie roku
|
| 650 |
0 |
7 |
|a osobnosti
|2 SNKPH
|9 29820
|
| 650 |
0 |
7 |
|a výročia a významné udalosti
|2 SNKPH
|9 16069
|
| 651 |
|
7 |
|a Liptov (Slovensko : región)
|2 SNKPHgeo
|9 151081
|
| 655 |
|
7 |
|a textové kalendáre
|2 SNKPH
|9 60816
|
| 700 |
1 |
|
|a Brezinová, Libuša
|4 com
|9 11193
|
| 910 |
|
|
|a snk
|
| 958 |
|
|
|a OND
|
| 999 |
|
|
|c 3175
|d 5105
|
| 952 |
|
|
|0 0
|1 0
|4 0
|7 0
|8 1
|a SNK
|b SNK
|d 1997-06-30
|i snkD 798/97
|l 0
|o snkČSC 1857/1974
|p 17A0069126
|r 2005-01-02 00:00:00
|w 2026-02-21
|y PREZ
|
| 952 |
|
|
|0 0
|1 0
|4 0
|7 0
|a SNK
|b SNK
|d 2001-12-12
|l 0
|o snkČSC 1857/1976
|p 17A0323653
|r 2005-01-02 00:00:00
|w 2026-02-21
|y PREZ
|
| 952 |
|
|
|0 0
|1 0
|4 0
|7 0
|a SNK
|b SNK
|d 2009-04-17
|i snkKSP 3883/76
|l 0
|o snkČSC 1857/1976
|p 17A0616267
|r 2026-02-21 19:42:07
|w 2026-02-21
|y PREZ
|
| 952 |
|
|
|0 0
|1 0
|4 0
|7 0
|a SNK
|b SNK
|d 2011-04-11
|i snkKSP 1364/73
|l 0
|o snkČSC 1857/1973 D1
|p 17A0692916
|r 2026-02-21 20:09:00
|w 2026-02-21
|y PREZ
|
| 952 |
|
|
|0 0
|1 0
|4 0
|7 0
|a SNK
|b SNK
|d 2003-04-29
|i snkKSP 1996/93
|l 0
|o snkČSC 1857/1993 D1
|r 2004-12-31 00:00:00
|w 2026-02-21
|y PREZ
|